US States With the Least Central Capitals - Statistics

General Stats
  • This quiz has been taken 386 times
    58 since last reset
  • The average score is 9 of 12
Answer Stats
Distance State % Correct
544.32 Alaska
96%
246.15 California
92%
241.24 Florida
91%
156.10 Wyoming
79%
243.42 Nevada
77%
91.07 New York
77%
76.23 New Mexico
72%
70.93 South Dakota
70%
78.33 North Dakota
66%
63.71 Washington
66%
122.43 Illinois
62%
65.63 Idaho
55%
No matching quizzes found
Score Distribution
Percent of People with Each Score
Percentile by Number Answered
Your Score History
You have not taken this quiz since the last reset